<?xml version="1.0" encoding="UTF-8"?>
<collection xmlns="http://www.loc.gov/MARC21/slim">
 <record>
  <leader>08148cam a2201033   4500</leader>
  <controlfield tag="001">689667507</controlfield>
  <controlfield tag="003">DE-627</controlfield>
  <controlfield tag="005">20250218030729.0</controlfield>
  <controlfield tag="007">tu</controlfield>
  <controlfield tag="008">120404s2012    sz |||||      00| ||ger c</controlfield>
  <datafield tag="010" ind1=" " ind2=" ">
   <subfield code="a">  2013400013</subfield>
  </datafield>
  <datafield tag="016" ind1="7" ind2=" ">
   <subfield code="a">689667507</subfield>
   <subfield code="2">DE-101</subfield>
  </datafield>
  <datafield tag="020" ind1=" " ind2=" ">
   <subfield code="a">9783908182238</subfield>
   <subfield code="c">Gb. : EUR 65.00</subfield>
   <subfield code="9">978-3-908182-23-8</subfield>
  </datafield>
  <datafield tag="035" ind1=" " ind2=" ">
   <subfield code="a">(DE-627)689667507</subfield>
  </datafield>
  <datafield tag="035" ind1=" " ind2=" ">
   <subfield code="a">(DE-576)363581723</subfield>
  </datafield>
  <datafield tag="035" ind1=" " ind2=" ">
   <subfield code="a">(DE-599)HBZHT017185790</subfield>
  </datafield>
  <datafield tag="035" ind1=" " ind2=" ">
   <subfield code="a">(OCoLC)796228751</subfield>
  </datafield>
  <datafield tag="035" ind1=" " ind2=" ">
   <subfield code="a">(OCoLC)807942967</subfield>
  </datafield>
  <datafield tag="035" ind1=" " ind2=" ">
   <subfield code="a">(DE-605)HT017185790</subfield>
  </datafield>
  <datafield tag="040" ind1=" " ind2=" ">
   <subfield code="a">DE-627</subfield>
   <subfield code="b">ger</subfield>
   <subfield code="c">DE-627</subfield>
   <subfield code="e">rakwb</subfield>
  </datafield>
  <datafield tag="041" ind1=" " ind2=" ">
   <subfield code="a">ger</subfield>
  </datafield>
  <datafield tag="044" ind1=" " ind2=" ">
   <subfield code="c">XA-CH</subfield>
  </datafield>
  <datafield tag="050" ind1=" " ind2="0">
   <subfield code="a">NK4670.7.E85</subfield>
  </datafield>
  <datafield tag="082" ind1="0" ind2=" ">
   <subfield code="a">738</subfield>
   <subfield code="q">LOC</subfield>
  </datafield>
  <datafield tag="082" ind1="0" ind2="4">
   <subfield code="a">730</subfield>
   <subfield code="q">DNB</subfield>
  </datafield>
  <datafield tag="084" ind1=" " ind2=" ">
   <subfield code="a">9,10</subfield>
   <subfield code="2">ssgn</subfield>
  </datafield>
  <datafield tag="084" ind1=" " ind2=" ">
   <subfield code="a">LB 88010</subfield>
   <subfield code="q">BVB</subfield>
   <subfield code="2">rvk</subfield>
   <subfield code="0">(DE-625)rvk/90605:776</subfield>
  </datafield>
  <datafield tag="084" ind1=" " ind2=" ">
   <subfield code="a">LK 92480</subfield>
   <subfield code="q">BVB</subfield>
   <subfield code="2">rvk</subfield>
   <subfield code="0">(DE-625)rvk/98844:2</subfield>
  </datafield>
  <datafield tag="084" ind1=" " ind2=" ">
   <subfield code="a">NF 6465</subfield>
   <subfield code="q">BVB</subfield>
   <subfield code="2">rvk</subfield>
   <subfield code="0">(DE-625)rvk/125264:1202</subfield>
  </datafield>
  <datafield tag="084" ind1=" " ind2=" ">
   <subfield code="a">LH 78610</subfield>
   <subfield code="q">BVB</subfield>
   <subfield code="2">rvk</subfield>
   <subfield code="0">(DE-625)rvk/95075:2</subfield>
  </datafield>
  <datafield tag="084" ind1=" " ind2=" ">
   <subfield code="a">LH 77440</subfield>
   <subfield code="q">OBV</subfield>
   <subfield code="2">rvk</subfield>
   <subfield code="0">(DE-625)rvk/95026:</subfield>
  </datafield>
  <datafield tag="084" ind1=" " ind2=" ">
   <subfield code="a">LH 78640</subfield>
   <subfield code="q">OBV</subfield>
   <subfield code="2">rvk</subfield>
   <subfield code="0">(DE-625)rvk/95076:2</subfield>
  </datafield>
  <datafield tag="084" ind1=" " ind2=" ">
   <subfield code="a">NF 6445</subfield>
   <subfield code="q">OBV</subfield>
   <subfield code="2">rvk</subfield>
   <subfield code="0">(DE-625)rvk/125264:1197</subfield>
  </datafield>
  <datafield tag="084" ind1=" " ind2=" ">
   <subfield code="a">21.88</subfield>
   <subfield code="2">bkl</subfield>
  </datafield>
  <datafield tag="084" ind1=" " ind2=" ">
   <subfield code="a">73.85</subfield>
   <subfield code="2">bkl</subfield>
  </datafield>
  <datafield tag="084" ind1=" " ind2=" ">
   <subfield code="a">15.19</subfield>
   <subfield code="2">bkl</subfield>
  </datafield>
  <datafield tag="084" ind1=" " ind2=" ">
   <subfield code="a">15.18</subfield>
   <subfield code="2">bkl</subfield>
  </datafield>
  <datafield tag="100" ind1="1" ind2=" ">
   <subfield code="a">Roth Heege, Eva</subfield>
   <subfield code="d">1963-</subfield>
   <subfield code="0">(DE-588)138340102</subfield>
   <subfield code="0">(DE-627)696523981</subfield>
   <subfield code="0">(DE-576)281284008</subfield>
   <subfield code="4">aut</subfield>
  </datafield>
  <datafield tag="245" ind1="1" ind2="0">
   <subfield code="a">Ofenkeramik und Kachelofen</subfield>
   <subfield code="b">Typologie, Terminologie und Rekonstruktion im deutschsprachigen Raum (CH, D, A, FL) : mit einem Glossar in siebzehn Sprachen</subfield>
   <subfield code="c">Eva Roth Heege. Mit Beiträgen von Monika Dittmar ...</subfield>
  </datafield>
  <datafield tag="264" ind1=" " ind2="1">
   <subfield code="a">Basel</subfield>
   <subfield code="b">Schweizerischer Burgenverein</subfield>
   <subfield code="c">2012</subfield>
  </datafield>
  <datafield tag="300" ind1=" " ind2=" ">
   <subfield code="a">380 S.</subfield>
   <subfield code="b">zahlr. Ill.</subfield>
   <subfield code="e">3 Beil.</subfield>
  </datafield>
  <datafield tag="336" ind1=" " ind2=" ">
   <subfield code="a">Text</subfield>
   <subfield code="b">txt</subfield>
   <subfield code="2">rdacontent</subfield>
  </datafield>
  <datafield tag="337" ind1=" " ind2=" ">
   <subfield code="a">ohne Hilfsmittel zu benutzen</subfield>
   <subfield code="b">n</subfield>
   <subfield code="2">rdamedia</subfield>
  </datafield>
  <datafield tag="338" ind1=" " ind2=" ">
   <subfield code="a">Band</subfield>
   <subfield code="b">nc</subfield>
   <subfield code="2">rdacarrier</subfield>
  </datafield>
  <datafield tag="490" ind1="1" ind2=" ">
   <subfield code="a">Schweizer Beiträge zur Kulturgeschichte und Archäologie des Mittelalters</subfield>
   <subfield code="v">39</subfield>
  </datafield>
  <datafield tag="520" ind1=" " ind2=" ">
   <subfield code="a">Seit Langem besteht bei Keramikforschenden aus Archäologie, Kunstgeschichte, Volkskunde, Museen und Universitäten der Wunsch, mit einheitlichen Terminologien arbeiten zu können. Im Gegensatz zur Geschirrkeramik fehlt für die Ofenkeramik bisher jedoch eine überregionale Bearbeitung, ein &quot;Leitfaden&quot;, der die Begriffe im deutschsprachigen Raum Mitteleuropas (A, CH, D, FL) strukturieren und systematisieren würde. Die Publikation basiert schwerpunktmässig auf Ofenkeramik aller schweizerischen Kantone. Für abweichende Kacheltypen wurde der Typenkatalog (Kap. F) gezielt um Objekte aus Deutschland, Österreich und Liechtenstein - dem Kerngebiet der Kachelofennutzung - erweitert. Grundlage der Typologie und Terminologie ist die bereits 1980 im Schweizerischen Burgenverein erschienene Studie von Jürg Tauber. Die vorliegende Publikation bringt die damaligen Forschungsansätze auf den neuesten Stand und verknüpft diesen mit dem Forschungsstand in den Nachbarländern</subfield>
  </datafield>
  <datafield tag="583" ind1="1" ind2=" ">
   <subfield code="a">Archivierung/Langzeitarchivierung gewährleistet</subfield>
   <subfield code="f">SSG</subfield>
   <subfield code="x">XA-DE-BW</subfield>
   <subfield code="2">pdager</subfield>
   <subfield code="5">DE-16</subfield>
  </datafield>
  <datafield tag="583" ind1="1" ind2=" ">
   <subfield code="a">Archivierung prüfen</subfield>
   <subfield code="c">20240324</subfield>
   <subfield code="f">DE-4165</subfield>
   <subfield code="z">2</subfield>
   <subfield code="2">pdager</subfield>
  </datafield>
  <datafield tag="650" ind1=" " ind2="0">
   <subfield code="a">Tiles</subfield>
   <subfield code="z">Europe, German-speaking</subfield>
   <subfield code="v">Catalogs</subfield>
  </datafield>
  <datafield tag="650" ind1=" " ind2="0">
   <subfield code="a">Stoves, Earthenware</subfield>
   <subfield code="z">Europe, German-speaking</subfield>
   <subfield code="v">Catalogs</subfield>
  </datafield>
  <datafield tag="689" ind1="0" ind2="0">
   <subfield code="d">g</subfield>
   <subfield code="0">(DE-588)4070370-8</subfield>
   <subfield code="0">(DE-627)104529369</subfield>
   <subfield code="0">(DE-576)209180447</subfield>
   <subfield code="a">Deutsches Sprachgebiet</subfield>
   <subfield code="2">gnd</subfield>
  </datafield>
  <datafield tag="689" ind1="0" ind2="1">
   <subfield code="d">s</subfield>
   <subfield code="0">(DE-588)4162968-1</subfield>
   <subfield code="0">(DE-627)104688300</subfield>
   <subfield code="0">(DE-576)20987760X</subfield>
   <subfield code="a">Kachel</subfield>
   <subfield code="2">gnd</subfield>
  </datafield>
  <datafield tag="689" ind1="0" ind2="2">
   <subfield code="d">s</subfield>
   <subfield code="0">(DE-588)4061321-5</subfield>
   <subfield code="0">(DE-627)104571705</subfield>
   <subfield code="0">(DE-576)209139315</subfield>
   <subfield code="a">Typologie</subfield>
   <subfield code="2">gnd</subfield>
  </datafield>
  <datafield tag="689" ind1="0" ind2="3">
   <subfield code="d">s</subfield>
   <subfield code="0">(DE-588)4059501-8</subfield>
   <subfield code="0">(DE-627)106143298</subfield>
   <subfield code="0">(DE-576)209131039</subfield>
   <subfield code="a">Terminologie</subfield>
   <subfield code="2">gnd</subfield>
  </datafield>
  <datafield tag="689" ind1="0" ind2=" ">
   <subfield code="5">(DE-627)</subfield>
  </datafield>
  <datafield tag="689" ind1="1" ind2="0">
   <subfield code="d">s</subfield>
   <subfield code="0">(DE-588)4162968-1</subfield>
   <subfield code="0">(DE-627)104688300</subfield>
   <subfield code="0">(DE-576)20987760X</subfield>
   <subfield code="a">Kachel</subfield>
   <subfield code="2">gnd</subfield>
  </datafield>
  <datafield tag="689" ind1="1" ind2="1">
   <subfield code="d">s</subfield>
   <subfield code="0">(DE-588)4159653-5</subfield>
   <subfield code="0">(DE-627)104790156</subfield>
   <subfield code="0">(DE-576)209851945</subfield>
   <subfield code="a">Herstellung</subfield>
   <subfield code="2">gnd</subfield>
  </datafield>
  <datafield tag="689" ind1="1" ind2=" ">
   <subfield code="5">(DE-627)</subfield>
  </datafield>
  <datafield tag="700" ind1="1" ind2=" ">
   <subfield code="a">Dittmar, Monika</subfield>
   <subfield code="d">1942-2021</subfield>
   <subfield code="0">(DE-588)1067689559</subfield>
   <subfield code="0">(DE-627)819088935</subfield>
   <subfield code="0">(DE-576)426849868</subfield>
   <subfield code="4">oth</subfield>
  </datafield>
  <datafield tag="700" ind1="1" ind2=" ">
   <subfield code="8">1\p</subfield>
   <subfield code="a">Endres, Werner</subfield>
   <subfield code="d">1937-2015</subfield>
   <subfield code="e">GefeierteR</subfield>
   <subfield code="0">(DE-588)121213439</subfield>
   <subfield code="0">(DE-627)08115870X</subfield>
   <subfield code="0">(DE-576)160863775</subfield>
   <subfield code="4">hnr</subfield>
  </datafield>
  <datafield tag="787" ind1="0" ind2="8">
   <subfield code="i">Rezension</subfield>
   <subfield code="a">Jenisch, Bertram, 1962 - </subfield>
   <subfield code="t">Eva Roth-Heege, Ofenkeramik und Kachelofen, Typologie, Terminologie und Rekonstruktion im deutschsprachigen Raum (CH, D, A, FL)</subfield>
   <subfield code="d">2013</subfield>
   <subfield code="w">(DE-627)1476386501</subfield>
   <subfield code="w">(DE-576)406386501</subfield>
  </datafield>
  <datafield tag="787" ind1="0" ind2="8">
   <subfield code="i">Rezensiert in</subfield>
   <subfield code="a">Grimm, Gerald Volker</subfield>
   <subfield code="t">[Rezension von: Eva Roth Heege, Ofenkeramik und Kachelofen. Typologie, Terminologie und Rekonstruktion im deutschsprachigen Raum (CH, D, A, FL) mit einem Glossar in siebzehn Sprachen]</subfield>
   <subfield code="d">2012</subfield>
   <subfield code="w">(DE-627)1801702772</subfield>
  </datafield>
  <datafield tag="830" ind1=" " ind2="0">
   <subfield code="a">Schweizer Beiträge zur Kulturgeschichte und Archäologie des Mittelalters</subfield>
   <subfield code="v">39</subfield>
   <subfield code="9">39</subfield>
   <subfield code="w">(DE-627)166454265</subfield>
   <subfield code="w">(DE-576)026315335</subfield>
   <subfield code="w">(DE-600)194573-7</subfield>
   <subfield code="x">1661-4550</subfield>
   <subfield code="7">ns</subfield>
  </datafield>
  <datafield tag="856" ind1="4" ind2="2">
   <subfield code="u">https://swbplus.bsz-bw.de/bsz363581723rez.htm</subfield>
   <subfield code="m">B:DE-576;DE-16</subfield>
   <subfield code="q">application/pdf</subfield>
   <subfield code="v">20121127124857</subfield>
   <subfield code="x">Verlag</subfield>
   <subfield code="3">Rezension</subfield>
  </datafield>
  <datafield tag="856" ind1="4" ind2="2">
   <subfield code="u">https://swbplus.bsz-bw.de/bsz363581723inh.htm</subfield>
   <subfield code="m">B:DE-576;DE-16</subfield>
   <subfield code="q">application/pdf</subfield>
   <subfield code="v">20130716104006</subfield>
   <subfield code="x">Verlag</subfield>
   <subfield code="3">Inhaltsverzeichnis</subfield>
  </datafield>
  <datafield tag="856" ind1="4" ind2="2">
   <subfield code="u">http://www.sehepunkte.de/2012/10/21552.html</subfield>
   <subfield code="m">V:DE-576;X:Sehepunkte</subfield>
   <subfield code="q">text/html</subfield>
   <subfield code="v">20180413101206</subfield>
   <subfield code="3">Rezension</subfield>
  </datafield>
  <datafield tag="883" ind1=" " ind2=" ">
   <subfield code="8">1</subfield>
   <subfield code="a">cgwrk</subfield>
   <subfield code="d">20241001</subfield>
   <subfield code="q">DE-101</subfield>
   <subfield code="u">https://d-nb.info/provenance/plan#cgwrk</subfield>
  </datafield>
  <datafield tag="935" ind1=" " ind2=" ">
   <subfield code="a">BGTS</subfield>
  </datafield>
  <datafield tag="935" ind1=" " ind2=" ">
   <subfield code="i">Blocktest</subfield>
  </datafield>
  <datafield tag="936" ind1="r" ind2="v">
   <subfield code="a">LB 88010</subfield>
   <subfield code="b">Mitteleuropa insgesamt</subfield>
   <subfield code="k">Sozial- und Kulturanthropologie. Empirische Kulturwissenschaft</subfield>
   <subfield code="k">Materielle Kultur und Wirtschaftsethnologie</subfield>
   <subfield code="k">Produktion und Herstellungsverfahren</subfield>
   <subfield code="k">Keramische Techniken</subfield>
   <subfield code="k">Europa</subfield>
   <subfield code="k">Mitteleuropa</subfield>
   <subfield code="k">Mitteleuropa insgesamt</subfield>
   <subfield code="0">(DE-627)1271987538</subfield>
   <subfield code="0">(DE-625)rvk/90605:776</subfield>
   <subfield code="0">(DE-576)201987538</subfield>
  </datafield>
  <datafield tag="936" ind1="r" ind2="v">
   <subfield code="a">LK 92480</subfield>
   <subfield code="b">allgemein</subfield>
   <subfield code="k">Kunstgeschichte</subfield>
   <subfield code="k">Kunst nach Ländern bzw. Kontinenten</subfield>
   <subfield code="k">Deutschland</subfield>
   <subfield code="k">Deutsche Kunstgeschichte nach Gattungen</subfield>
   <subfield code="k">Kunstgewerbe</subfield>
   <subfield code="k">Ordnung nach Gattungen</subfield>
   <subfield code="k">Keramik, Steinzeug, Fayence, Majolika, Steingut, Terrakotta</subfield>
   <subfield code="k">allgemein</subfield>
   <subfield code="0">(DE-627)1270637762</subfield>
   <subfield code="0">(DE-625)rvk/98844:2</subfield>
   <subfield code="0">(DE-576)200637762</subfield>
  </datafield>
  <datafield tag="936" ind1="r" ind2="v">
   <subfield code="a">NF 6465</subfield>
   <subfield code="b">Einzelbeiträge</subfield>
   <subfield code="k">Geschichte</subfield>
   <subfield code="k">Ur- und Frühgeschichte / Prähistorische Archäologie</subfield>
   <subfield code="k">Allgemeine und europäische Ur- und Frühgeschichte nach Epochen</subfield>
   <subfield code="k">Archäologie des Mittelalters (ab 800 n. Chr.)</subfield>
   <subfield code="k">Europa</subfield>
   <subfield code="k">Mitteleuropa (Deutschland, Österreich, Schweiz)</subfield>
   <subfield code="k">Deutschland</subfield>
   <subfield code="k">Einzelbeiträge</subfield>
   <subfield code="0">(DE-627)1271621843</subfield>
   <subfield code="0">(DE-625)rvk/125264:1202</subfield>
   <subfield code="0">(DE-576)201621843</subfield>
  </datafield>
  <datafield tag="936" ind1="r" ind2="v">
   <subfield code="a">LH 78610</subfield>
   <subfield code="b">allgemein</subfield>
   <subfield code="k">Kunstgeschichte</subfield>
   <subfield code="k">Allgemeines. Allgemeine Kunstgeschichte</subfield>
   <subfield code="k">Kunstgeschichte einzelner Gattungen der Kunst</subfield>
   <subfield code="k">Kunstgewerbe</subfield>
   <subfield code="k">Ordnung nach Gattungen</subfield>
   <subfield code="k">Keramik</subfield>
   <subfield code="k">allgemein</subfield>
   <subfield code="0">(DE-627)127070110X</subfield>
   <subfield code="0">(DE-625)rvk/95075:2</subfield>
   <subfield code="0">(DE-576)20070110X</subfield>
  </datafield>
  <datafield tag="936" ind1="r" ind2="v">
   <subfield code="a">LH 77440</subfield>
   <subfield code="b">Herde</subfield>
   <subfield code="k">Kunstgeschichte</subfield>
   <subfield code="k">Allgemeines. Allgemeine Kunstgeschichte</subfield>
   <subfield code="k">Kunstgeschichte einzelner Gattungen der Kunst</subfield>
   <subfield code="k">Einrichtung und Ausstattung</subfield>
   <subfield code="k">Profane Einzelformen (nicht mobil)</subfield>
   <subfield code="k">Herde</subfield>
   <subfield code="0">(DE-627)1271117193</subfield>
   <subfield code="0">(DE-625)rvk/95026:</subfield>
   <subfield code="0">(DE-576)201117193</subfield>
  </datafield>
  <datafield tag="936" ind1="r" ind2="v">
   <subfield code="a">LH 78640</subfield>
   <subfield code="b">allgemein</subfield>
   <subfield code="k">Kunstgeschichte</subfield>
   <subfield code="k">Allgemeines. Allgemeine Kunstgeschichte</subfield>
   <subfield code="k">Kunstgeschichte einzelner Gattungen der Kunst</subfield>
   <subfield code="k">Kunstgewerbe</subfield>
   <subfield code="k">Ordnung nach Gattungen</subfield>
   <subfield code="k">Steinzeug, Fayence, Majolika</subfield>
   <subfield code="k">allgemein</subfield>
   <subfield code="0">(DE-627)1271117967</subfield>
   <subfield code="0">(DE-625)rvk/95076:2</subfield>
   <subfield code="0">(DE-576)201117967</subfield>
  </datafield>
  <datafield tag="936" ind1="r" ind2="v">
   <subfield code="a">NF 6445</subfield>
   <subfield code="b">Einzelbeiträge</subfield>
   <subfield code="k">Geschichte</subfield>
   <subfield code="k">Ur- und Frühgeschichte / Prähistorische Archäologie</subfield>
   <subfield code="k">Allgemeine und europäische Ur- und Frühgeschichte nach Epochen</subfield>
   <subfield code="k">Archäologie des Mittelalters (ab 800 n. Chr.)</subfield>
   <subfield code="k">Europa</subfield>
   <subfield code="k">Mitteleuropa (Deutschland, Österreich, Schweiz)</subfield>
   <subfield code="k">Einzelbeiträge</subfield>
   <subfield code="0">(DE-627)127230941X</subfield>
   <subfield code="0">(DE-625)rvk/125264:1197</subfield>
   <subfield code="0">(DE-576)20230941X</subfield>
  </datafield>
  <datafield tag="936" ind1="b" ind2="k">
   <subfield code="a">21.88</subfield>
   <subfield code="j">Keramik</subfield>
   <subfield code="x">Kunst</subfield>
   <subfield code="0">(DE-627)106405616</subfield>
  </datafield>
  <datafield tag="936" ind1="b" ind2="k">
   <subfield code="a">73.85</subfield>
   <subfield code="j">Materielle Kultur: Allgemeines</subfield>
   <subfield code="x">Volkskunde</subfield>
   <subfield code="0">(DE-627)181571854</subfield>
  </datafield>
  <datafield tag="936" ind1="b" ind2="k">
   <subfield code="a">15.19</subfield>
   <subfield code="j">Vor- und Frühgeschichte</subfield>
   <subfield code="q">coli-conc RVK-&gt;BK</subfield>
   <subfield code="q">https://coli-conc.gbv.de/api/mappings/86628ea8-ce7c-4261-a534-79c6ddd79ae8</subfield>
   <subfield code="0">(DE-627)10640329X</subfield>
  </datafield>
  <datafield tag="936" ind1="b" ind2="k">
   <subfield code="a">15.18</subfield>
   <subfield code="j">Mittelalterliche Archäologie</subfield>
   <subfield code="j">neuzeitliche Archäologie</subfield>
   <subfield code="q">coli-conc RVK-&gt;BK</subfield>
   <subfield code="q">https://coli-conc.gbv.de/api/mappings/723f117a-f0b9-4496-9bb6-d3a64d14f0f1</subfield>
   <subfield code="0">(DE-627)10641416X</subfield>
  </datafield>
  <datafield tag="951" ind1=" " ind2=" ">
   <subfield code="a">BO</subfield>
  </datafield>
  <datafield tag="990" ind1=" " ind2=" ">
   <subfield code="a">Deutsches Sprachgebiet</subfield>
  </datafield>
  <datafield tag="990" ind1=" " ind2=" ">
   <subfield code="a">Kachel</subfield>
  </datafield>
  <datafield tag="990" ind1=" " ind2=" ">
   <subfield code="a">Typologie</subfield>
  </datafield>
  <datafield tag="990" ind1=" " ind2=" ">
   <subfield code="a">Terminologie</subfield>
  </datafield>
  <datafield tag="990" ind1=" " ind2=" ">
   <subfield code="a">Kachel</subfield>
  </datafield>
  <datafield tag="990" ind1=" " ind2=" ">
   <subfield code="a">Herstellung</subfield>
  </datafield>
  <datafield tag="991" ind1=" " ind2=" ">
   <subfield code="a">Rezensiertes Werk</subfield>
  </datafield>
  <datafield tag="999" ind1=" " ind2=" ">
   <subfield code="a">KXP-PPN689667507</subfield>
   <subfield code="e">4169770439</subfield>
  </datafield>
 </record>
</collection>
